<?xml version="1.0" encoding="UTF-8"?>
<record
    xmlns:xsi="http://www.w3.org/2001/XMLSchema-instance"
    xsi:schemaLocation="http://www.loc.gov/MARC21/slim http://www.loc.gov/standards/marcxml/schema/MARC21slim.xsd"
    xmlns="http://www.loc.gov/MARC21/slim">

  <leader>01654nam a22001457a 4500</leader>
  <datafield tag="999" ind1=" " ind2=" ">
    <subfield code="c">531838</subfield>
    <subfield code="d">531838</subfield>
  </datafield>
  <controlfield tag="008">251022b           ||||| |||| 00| 0 eng d</controlfield>
  <datafield tag="100" ind1=" " ind2=" ">
    <subfield code="a">Sharma, Rajesh </subfield>
    <subfield code="9">57531</subfield>
  </datafield>
  <datafield tag="245" ind1=" " ind2=" ">
    <subfield code="a">The influence of social media corporate social responsibility communication on consumer brand identification and electronic word of mouth in the banking sector: The moderating role of user generated content</subfield>
  </datafield>
  <datafield tag="260" ind1=" " ind2=" ">
    <subfield code="a">Management and Labour Studies  </subfield>
  </datafield>
  <datafield tag="300" ind1=" " ind2=" ">
    <subfield code="a">50(3), Aug, 2025: p.320-336</subfield>
  </datafield>
  <datafield tag="520" ind1=" " ind2=" ">
    <subfield code="a">This study contributes to both marketing and corporate social responsibility (CSR) literature by exploring consumer perceptions of CSR in the banking sector. The findings reveal that CSR efforts on social media help build consumer&#x2013;brand identification (C-B identification) and promote positive electronic word of mouth (eWOM). Both perceived CSR initiatives and C-B identification have a direct, positive effect on eWOM. Additionally, user-generated content enhances the effect of CSR initiatives on eWOM. For policymakers, these findings highlight the impact of engaging CSR communication on social media. Effective CSR strategies can strengthen brand identity and build positive consumer engagement, supporting loyalty and advocacy. This study expands knowledge on CSR communication within the banking sector and offers practical insights into social media strategies.- Reproduced 


https://journals.sagepub.com/doi/full/10.1177/0258042X241307377
</subfield>
  </datafield>
  <datafield tag="650" ind1=" " ind2=" ">
    <subfield code="a">Consumer brand identification, Corporate social responsibility, Electronic world of mouth, Public sector banks, Social media. </subfield>
    <subfield code="9">57532</subfield>
  </datafield>
  <datafield tag="773" ind1=" " ind2=" ">
    <subfield code="a">Management and Labour Studies  </subfield>
  </datafield>
  <datafield tag="942" ind1=" " ind2=" ">
    <subfield code="c">AR</subfield>
  </datafield>
  <datafield tag="952" ind1=" " ind2=" ">
    <subfield code="0">0</subfield>
    <subfield code="1">0</subfield>
    <subfield code="2">ddc</subfield>
    <subfield code="4">0</subfield>
    <subfield code="7">0</subfield>
    <subfield code="9">407027</subfield>
    <subfield code="a">IIPA</subfield>
    <subfield code="b">IIPA</subfield>
    <subfield code="d">2025-10-22</subfield>
    <subfield code="h">50(3), Aug, 2025: p.320-336</subfield>
    <subfield code="p">AR137477</subfield>
    <subfield code="r">2025-10-22</subfield>
    <subfield code="y">AR</subfield>
  </datafield>
</record>
